Konkurenčná činnosť zamestnanca

Zamestnanec môže popri svojom zamestnaní vykonávať inú zárobkovú činnosť, ktorá má k predmetu činnosti zamestnávateľa konkurenčný charakter, len s predchádzajúcim písomným súhlasom zamestnávateľa. Okrem skončenia pracovného pomeru sankciou za konkurovanie zamestnávateľovi bez jeho súhlasu, môže byť...

Ausführliche Beschreibung

Gespeichert in:
Bibliographische Detailangaben
1. Verfasser: Žuľová, Jana
Format: Buchkapitel
Sprache:Slowakisch
Schlagworte:
Tags: Tag hinzufügen
Keine Tags, Fügen Sie das erste Tag hinzu!

MARC

LEADER 00000naa a2200000 4500
001 0185037
005 20231120134214.0
041 0 |a slo 
044 |a SK 
245 1 0 |a Konkurenčná činnosť zamestnanca  |c Jana Žuľová 
520 |a Zamestnanec môže popri svojom zamestnaní vykonávať inú zárobkovú činnosť, ktorá má k predmetu činnosti zamestnávateľa konkurenčný charakter, len s predchádzajúcim písomným súhlasom zamestnávateľa. Okrem skončenia pracovného pomeru sankciou za konkurovanie zamestnávateľovi bez jeho súhlasu, môže byť aj vymáhanie náhrady škody od zamestnanca. 
610 2 0 |a zamestnanci 
610 2 0 |a činnosť konkurenčná 
610 2 0 |a zamestnávatelia 
100 1 |a Žuľová, Jana